Movies Quiz

Random Movies or Bands Quiz
Score 0/32 Timer 10:00
0 Plays Today
Members Missing Member % Correct
Xiumin, Lay, Baekhyun, Suho, Kai, Chen, D.O, SehunChanyeol
95.2%
Jin, Jimin, Rap Monster, V, Jungkook, J-HopeSuga
94.4%
T.O.P, Taeyang, Seungri, G-DragonDaesung
94.3%
Yugyeom, Youngjae, Junior, JB, Mark, JacksonBamBam
93.1%
Onew, Taemin, Jonghyun, KeyMinho
93%
Jisoo, Jennie, LisaRose
92.2%
Irene, Joy, Seulgi, YeriWendy
91.9%
Amber, Victoria, KrystalLuna
87.5%
Hyoyeon, Seohyun, Sooyoung, Tiffany, Taeyeon, Yoona, YuriSunny
80%
Ravi, Ken, N, Hyuk, LeoHongbin
78.1%
Mina, Jihyo, Chaeyoung, Jeongyeon, Momo, Dahyun, Sana, TzuyuNayeon
76.8%
Hwasa, Moonbyul, SolarWheein
76%
Sanha, Rocky, Moonbin, JinJin, MJEunwoo
75.9%
Woozi, Jeonghan, Hoshi, Mingyu, Joshua, DK, Seungkwan, The8, Vernon, S.Coups, Dino, JunWonwoo
75.9%
Hyungwon, Shownu, I.M, Wonho, Jooheon, MinhyukKihyun
75.1%
Suzy, MinFei
74.2%
Members Missing Member % Correct
Sowon, Umji, Yerin, Yuju, EunhaSinB
70.4%
Dasom, Bora, HyorinSoyou
70.2%
Ilhoon, Sungjae, Eunkwang, Minhyuk, Changsub, HyunsikPeniel
68%
Himchan, Yongguk, Youngjae, Jongup, ZeloDaehyun
66.7%
Bobby, B.I, Yunhyeong, Junhoe, Donghyuk, JinhwanChanwoo
66.3%
Sunggyu, Sungyeol, Hoya, Dongwoo, L, SungjongWoohyun
66.1%
Zico, P.O, Jaehyo, B-Bomb, U-Kwon, TaeilKyung
63.1%
Leeteuk, Yesung, Kyuhyun, Heechul, Shindong, Sungmin, Donghae, Eunhyuk, Ryeowook, SiwonKangin
62.7%
CNU, Jinyoung, Baro, SandeulGongchan
60.7%
Hyerin, Hani, LE, SoljiJunghwa
60.7%
Dongwoon, Junhyung, Kikwang, YoseobDoojoon
59.1%
C.A.P, Niel, Changjo, Chunji, L.JoeRicky
57.5%
Chorong, Hayoung, Bomi, Naeun, EunjiNamjoo
54.5%
Yura, Hyeri, MinahSojin
52.5%
Sohyun, Gayoon, Jiyoon, HyunaJihyun
51%
Choa, Jimin, Yuna, Mina, Chanmi, SeolhyunHyejeong
43.9%

You're not logged in!

Compare scores with friends on all Sporcle quizzes.
OR
Log In

Sporcle TV

Today on Sporcle TV


Watch our educational content, quiz creation guides, and fun videos on Sporcle TV.

Show Comments

Extras

Top Quizzes Today


Score Distribution

Paid Content

Your Account Isn't Verified!

In order to create a playlist on Sporcle, you need to verify the email address you used during registration. Go to your Sporcle Settings to finish the process.

Report this User

Report this user for behavior that violates our Community Guidelines.

Details: